La Empresa agraria y su gestión / Georges Desclaude, Jean Tondut ; versión española de Francisco Molina Sánchez
ISBN:
84-7114-078-0
Descripción Física:
485 p. ; 22 cm
MARC
| LEADER | 00000nam a2200000Ia 4500 | ||
|---|---|---|---|
| 001 | 21493 | ||
| 008 | 160829s1979 xx 000 0 cat d | ||
| 020 | |a 84-7114-078-0 | ||
| 080 | |a C-3-196 | ||
| 100 | |a Desclaude, Georges |9 42469 | ||
| 245 | |a La Empresa agraria y su gestión / Georges Desclaude, Jean Tondut ; versión española de Francisco Molina Sánchez | ||
| 250 | |a 2a ed., rev. y ampl. | ||
| 260 | |a Madrid : |b Mundi-Prensa, |c 1979 | ||
| 300 | |a 485 p. ; |c 22 cm | ||
| 590 | |a Bibliografia. | ||
| 590 | |a Títol original: L'entreprise agrícole y gestión de l'entreprise agricole | ||
| 650 | |a Indústria agrícola |9 42470 | ||
| 650 | |a Explotacions agrícoles |x Administració |9 42471 | ||
| 700 | |a Tondut, Jean |9 42472 | ||
| 700 | |a Molina Sánchez, Francisco, tr. |9 42473 | ||
| 901 | |a Arxiu | ||
| 942 | |n 1 | ||
| 952 | |0 0 |1 0 |4 0 |6 C3196 |7 1 |9 50859 |a Arxiu |b Arxiu |d 2016-12-01 |l 0 |o C-3-196 |p 21493 |r 2016-12-01 00:00:00 |w 2016-12-01 |y ARXIU | ||
| 999 | |c 54701 |d 54701 | ||